[Event "AUTO-OPEN-4574"]
[Site "http://www.queenalice.com/game.php?id=1851731"]
[Date "2025.2.7"]
[Round "1"]
[White "chessman"]
[Black "pizzaiolo72"]
[Result "0-1"]
[WhiteElo "1899"]
[BlackElo "2123"]

1. e4 c6 2. Nf3 d5 3. exd5 cxd5 4. d4 Nf6 5. Bd3 e6 6. O-O Nc6 7. c3 Be7 8. Re1
O-O 9. Nbd2 h6 10. a3 a6 11. Nf1 b5 12. Ng3 Bd6 13. Bd2 Na5 14. Qc2 Nc4 15. a4
Bb7 16. axb5 axb5 17. b3 Nxd2 18. Qxd2 Re8 19. Bxb5 Re7 20. Bd3 Rc7 21. c4 dxc4
22. bxc4 Bxf3 23. gxf3 Ra3 24. Rxa3 Bxa3 25. Ne4 Qxd4 26. Nxf6+ Qxf6 27. Qa5
Qg5+ 28. Kh1 Qxa5 0-1

[Event "AUTO-OPEN-4574"]
[Site "http://www.queenalice.com/game.php?id=1851732"]
[Date "2025.2.7"]
[Round "1"]
[White "pizzaiolo72"]
[Black "game"]
[Result "1-0"]
[WhiteElo "2115"]
[BlackElo "1421"]

1. e4 e5 2. Nf3 Nc6 3. Bb5 Qf6 4. O-O Nd4 5. Nxd4 exd4 6. d3 Qe5 7. Bc4 Bd6 8.
f4 Qc5 9. Nd2 Be7 10. Qg4 Bf6 11. e5 d6 12. exf6 Bxg4 13. fxg7 Be2 14. Ne4 Qb4
15. a3 Qa4 16. b3 Qa5 17. b4 Qa4 18. Bb3 Qb5 19. Re1 Bxd3 20. Nxd6+ Kd7 21. Nxb5
Nf6 22. gxh8=Q Rxh8 23. cxd3 Ng4 24. Bxf7 Rf8 25. Be6+ Kc6 26. Nxd4+ Kd6 27.
Bxg4 Rg8 28. Bf3 b5 29. Nxb5+ Kd7 30. Bb2 Rf8 31. Be5 Ke6 32. Nxc7+ 1-0

[Event "AUTO-OPEN-4574"]
[Site "http://www.queenalice.com/game.php?id=1851733"]
[Date "2025.2.7"]
[Round "1"]
[White "game"]
[Black "pizzaiolo72"]
[Result "0-1"]
[WhiteElo "1427"]
[BlackElo "2098"]

1. e4 Nf6 2. Nc3 e5 3. Nf3 Nc6 4. Bc4 Bc5 5. Ng5 O-O 6. Nd5 Nxd5 7. d3 Nf4 8. h4
h6 9. Nf3 Nxg2+ 10. Kf1 Nf4 11. Bxf4 exf4 12. Bb3 Nd4 13. Nxd4 Bxd4 14. c3 Bb6
15. Rg1 Qxh4 16. d4 d6 17. e5 dxe5 18. Qd2 Bh3+ 19. Ke1 exd4 20. cxd4 Rfe8+ 21.
Kd1 Rad8 22. Qc3 Bxd4 23. Qxc7 Bxb2+ 24. Kc2 Qxf2+ 25. Kb1 Bf5+ 26. Bc2 Bxa1 27.
Rc1 Bxc2+ 28. Rxc2 Rd1+ 29. Rc1 Qb2# 0-1

[Event "AUTO-MASTER-3252"]
[Site "http://www.queenalice.com/game.php?id=1851959"]
[Date "2025.2.11"]
[Round "1"]
[White "pizzaiolo72"]
[Black "Canaye14"]
[Result "1-0"]
[WhiteElo "2131"]
[BlackElo "1946"]

1. e4 e6 2. d4 d5 3. e5 c5 4. c3 Nc6 5. Nf3 Qb6 6. b3 cxd4 7. cxd4 Bb4+ 8. Bd2
Nge7 9. Bxb4 Qxb4+ 10. Qd2 O-O 11. Be2 Bd7 12. O-O Rac8 13. Qxb4 b6 14. Qd2 1-0

[Event "AUTO-OPEN-4582"]
[Site "http://www.queenalice.com/game.php?id=1853957"]
[Date "2025.3.15"]
[Round "1"]
[White "mestre62"]
[Black "pizzaiolo72"]
[Result "0-1"]
[WhiteElo "1444"]
[BlackElo "2027"]

1. e4 Nf6 2. d3 e5 3. Nf3 Nc6 4. Nc3 Be7 5. Be2 O-O 6. O-O d5 7. exd5 Nxd5 8.
Nxd5 Qxd5 9. c4 Qd8 10. a3 Bf5 11. b4 Bf6 12. b5 e4 13. dxe4 Qxd1 14. Rxd1 Bxe4
15. Rd7 Bxa1 16. Rxc7 Ne5 17. Nxe5 Bxe5 18. Rc5 Bd4 19. Rh5 g6 20. Rh4 f5 21.
Bf3 Rfe8 22. Bxe4 Rxe4 23. Rxe4 fxe4 24. h3 Rc8 25. a4 Rxc4 26. Bf4 Rxa4 27. Be3
Ra1+ 28. Kh2 Bxe3 29. fxe3 Re1 30. h4 Rxe3 31. Kg1 Rb3 32. Kf1 a5 33. Ke2 a4 34.
Kd2 e3+ 35. Ke2 a3 36. Kf3 a2 0-1

[Event "AUTO-OPEN-4582"]
[Site "http://www.queenalice.com/game.php?id=1853958"]
[Date "2025.3.15"]
[Round "1"]
[White "pizzaiolo72"]
[Black "mestre62"]
[Result "1-0"]
[WhiteElo "2031"]
[BlackElo "1434"]

1. e4 d5 2. exd5 Qxd5 3. Nf3 Bg4 4. Be2 e6 5. O-O Bd6 6. h3 Bf5 7. Nc3 Be5 8.
Nxd5 exd5 9. Nxe5 Ne7 10. Bg4 Bxg4 11. Qxg4 O-O 12. Nd7 Nxd7 13. Qxd7 Ng6 14.
Qxc7 b6 15. Qb7 d4 16. d3 Rfb8 17. Qa6 Ne5 18. Bf4 Re8 19. Bxe5 Rxe5 20. f4 Ra5
21. Qb7 Rf8 22. a4 h6 23. g4 f6 24. b4 Rf7 25. Qc8+ Kh7 26. Qe6 Rc7 27. bxa5
Rxc2 28. axb6 axb6 29. Qxb6 Rc3 30. Qxd4 Rb3 31. Rfe1 Kg6 32. Re7 h5 33. Qe4+
Kh6 34. g5+ fxg5 35. fxg5+ Kxg5 36. Rxg7+ Kf6 37. Qe7+ Kf5 38. Rf1# 1-0

[Event "AUTO-OPEN-4582"]
[Site "http://www.queenalice.com/game.php?id=1853987"]
[Date "2025.3.15"]
[Round "1"]
[White "SGF"]
[Black "pizzaiolo72"]
[Result "0-1"]
[WhiteElo "1698"]
[BlackElo "2026"]

1. e4 c5 2. Qf3 Nc6 3. c3 Nf6 4. d3 e6 5. Be2 Be7 6. Qg3 O-O 7. Bh6 g6 8. Bxf8
Qxf8 9. a3 d5 10. Nd2 dxe4 11. Nxe4 Nxe4 12. dxe4 Bd6 13. f4 Qh6 14. e5 Be7 15.
h4 f6 16. exf6 Bxf6 17. h5 e5 18. Bc4+ Kg7 19. Ne2 exf4 20. Qxf4 Ne5 21. Qxh6+
Kxh6 22. hxg6+ Kxg6 23. Bg8 Nd3+ 24. Kd2 Nxb2 25. Bxh7+ Kg7 26. Be4 Nc4+ 27. Kd3
Ne5+ 28. Ke3 Bg5+ 29. Nf4 Ng4+ 30. Kf3 Nf6 31. Rab1 Nxe4 32. Kxe4 Bxf4 33. Kxf4
b6 34. g4 Bb7 35. Rhe1 Rf8+ 36. Kg5 Rf7 37. Kh5 Ba6 38. Re6 Bd3 39. g5 Bxb1 40.
Rd6 c4 41. Rc6 Bd3 42. Rd6 Be2+ 43. Kh4 b5 44. g6 Rf6 45. Rd7+ Kxg6 46. Rxa7
Rf4+ 47. Kg3 Rf3+ 48. Kg2 Rxc3 49. Ra6+ Kf5 50. Ra5 Rb3 51. a4 c3 52. axb5 Rxb5
53. Ra2 Rb2 54. Ra5+ Bb5+ 55. Kf3 c2 56. Ra1 Rb1 57. Rxb1 cxb1=Q 58. Ke3 Qd3+
59. Kf2 Kf4 60. Ke1 Qe2# 0-1

[Event "AUTO-OPEN-4582"]
[Site "http://www.queenalice.com/game.php?id=1853988"]
[Date "2025.3.15"]
[Round "1"]
[White "pizzaiolo72"]
[Black "SGF"]
[Result "0-1"]
[WhiteElo "2070"]
[BlackElo "1710"]

1. e4 e5 2. Nf3 Qf6 3. Bc4 d6 4. O-O a6 5. c3 Be7 6. d4 h6 7. h3 Qg6 8. Kh2 Qxe4
9. Re1 Qf5 10. dxe5 dxe5 11. Rxe5 Qf6 12. Qb3 Nc6 13. Nbd2 Nxe5 14. Nxe5 Qxe5+
15. g3 Qf6 16. Ne4 Qf5 17. Be3 Qxe4 18. Bxf7+ Kf8 19. Bd5 Qf5 20. Bg2 Nf6 21.
Rd1 Rb8 22. Rd4 Be6 23. Qa4 h5 24. Rf4 Qb5 25. Qc2 Bd6 26. Re4 Nxe4 27. Bxe4 h4
0-1

[Event "AUTO-MASTER-3257"]
[Site "http://www.queenalice.com/game.php?id=1854009"]
[Date "2025.3.16"]
[Round "1"]
[White "pizzaiolo72"]
[Black "JailtonMaster"]
[Result "0-1"]
[WhiteElo "2087"]
[BlackElo "2063"]

1. e4 c5 2. Nf3 d6 3. d4 cxd4 4. Nxd4 Nf6 5. Nc3 a6 6. Bd3 e5 7. Nb3 Be6 8. Be3
Be7 9. O-O Nc6 10. Qe2 O-O 11. f4 exf4 12. Bxf4 Ng4 13. Nd5 Nge5 14. Bxe5 Nxe5
15. Nxe7+ Qxe7 16. Nd4 Nxd3 17. Nxe6 fxe6 18. cxd3 Qc7 19. Rac1 Qb6+ 20. Kh1 Qd4
21. Rxf8+ Rxf8 22. Rc4 Qxb2 0-1

[Event "AUTO-MASTER-3257"]
[Site "http://www.queenalice.com/game.php?id=1854010"]
[Date "2025.3.16"]
[Round "1"]
[White "JailtonMaster"]
[Black "pizzaiolo72"]
[Result "1-0"]
[WhiteElo "2097"]
[BlackElo "2040"]

1. e4 Nf6 2. Nc3 e5 3. Bc4 Bc5 4. Nf3 O-O 5. O-O d6 6. d3 Nc6 7. Bg5 Bg4 8. Nd5
Nd4 9. Nxf6+ gxf6 10. Bh6 Nxf3+ 11. gxf3 Bh3 12. f4 Kh8 13. Bxf8 Qxf8 14. Qf3
Qg7+ 15. Qg3 Bxf1 16. Kxf1 Qxg3 17. hxg3 exf4 18. gxf4 Kg7 19. Ke2 Rg8 20. Rh1
Re8 21. f5 Bd4 22. c3 Be5 23. Rh4 c6 24. Ke3 d5 25. Bb3 dxe4 26. Rxe4 Kf8 27.
Kf3 c5 28. Rh4 Kg7 29. d4 cxd4 30. cxd4 Bd6 31. Bd5 b6 32. b3 h6 33. Rg4+ Kf8
34. Rg1 Ba3 35. Rd1 b5 36. Bc6 Rb8 37. d5 Bd6 38. Ke4 a5 39. Rb1 b4 40. Rh1 Kg7
41. Rg1+ Kf8 42. Kd4 Bf4 43. Kc5 Ke7 44. Re1+ Kd8 45. d6 Be5 46. f4 h5 47. fxe5
1-0

[Event "AUTO-MASTER-3257"]
[Site "http://www.queenalice.com/game.php?id=1854011"]
[Date "2025.3.16"]
[Round "1"]
[White "pizzaiolo72"]
[Black "Tonto"]
[Result "1-0"]
[WhiteElo "2009"]
[BlackElo "1998"]

1. e4 e5 2. Nf3 d6 3. d4 exd4 4. Nxd4 c5 5. Bb5+ Bd7 6. Bxd7+ Nxd7 7. Nf5 Ne5 8.
Qd5 b6 9. Bf4 Nf6 10. Qb3 g6 11. Qb5+ Nfd7 12. Bxe5 dxe5 13. Ne3 Bg7 14. Nc3 O-O
15. O-O-O Bh6 16. Qxd7 Bxe3+ 17. fxe3 Qg5 18. Qh3 a5 19. g4 a4 20. a3 Rfb8 21.
Nb5 Ra5 22. c4 Raa8 23. Rd6 Rb7 24. Qf3 Rd8 25. h4 Qe7 26. Rxd8+ Qxd8 27. Kc2
Rd7 28. Rh2 h6 29. Nc3 Kg7 30. Nxa4 Qb8 31. Nc3 Qd6 32. Nd5 Rb7 33. g5 hxg5 34.
hxg5 b5 35. Qh3 1-0

[Event "AUTO-MASTER-3257"]
[Site "http://www.queenalice.com/game.php?id=1854012"]
[Date "2025.3.16"]
[Round "1"]
[White "Tonto"]
[Black "pizzaiolo72"]
[Result "1-0"]
[WhiteElo "2033"]
[BlackElo "2003"]

1. e4 c5 2. Nf3 Nc6 3. Be2 d6 4. Nc3 Nf6 5. d3 g6 6. b3 Bg7 7. Bb2 O-O 8. O-O a6
9. Nb1 b5 10. Nbd2 Bb7 11. c4 bxc4 12. Nxc4 a5 13. Re1 Nd7 14. Bxg7 Kxg7 15. d4
cxd4 16. Nxd4 Nf6 17. Bf3 Nxd4 18. Qxd4 Re8 19. e5 dxe5 20. Qxd8 Rexd8 21. Bxb7
Ra7 22. Bf3 e4 23. Bxe4 Nxe4 24. Rxe4 Rad7 25. g3 h5 26. Nxa5 f5 27. Ree1 Kf6
28. Nc6 Re8 29. a4 Rd6 30. Ne5 Rd5 31. Nc4 Rb8 32. Re3 e5 33. a5 f4 34. Nb6 Rxb6
35. axb6 fxe3 36. fxe3 Rb5 37. Ra6 Kf5 38. Kf2 Rxb3 39. Kf3 g5 40. h3 g4+ 41.
hxg4+ hxg4+ 42. Ke2 Ke4 43. Ra4+ Kf5 44. Ra6 e4 45. Kd2 Rd3+ 46. Ke2 Rb3 47.
Ra5+ Ke6 48. Rg5 Rb2+ 49. Kf1 Rxb6 50. Rg6+ 1-0

[Event "AUTO-OPEN-4556"]
[Site "http://www.queenalice.com/game.php?id=1854776"]
[Date "2025.3.31"]
[Round "2"]
[White "pizzaiolo72"]
[Black "StarWarsJedi"]
[Result "0-1"]
[WhiteElo "1988"]
[BlackElo "1697"]

1. e4 c5 2. Nf3 d6 3. d4 cxd4 4. Nxd4 Nf6 5. Nc3 a6 6. Bc4 e6 7. Qe2 b5 8. Bb3
Be7 9. Bg5 b4 10. Na4 Bd7 11. a3 bxa3 12. Rxa3 h6 13. Bh4 Nc6 14. c3 Nxd4 15.
Qc4 Nxb3 16. Rxb3 Rc8 17. Qxa6 Ra8 18. Qd3 Rxa4 19. O-O Nxe4 20. Bxe7 Kxe7 21.
Re1 Nc5 0-1

[Event "AUTO-OPEN-4556"]
[Site "http://www.queenalice.com/game.php?id=1854777"]
[Date "2025.3.31"]
[Round "2"]
[White "StarWarsJedi"]
[Black "pizzaiolo72"]
[Result "1-0"]
[WhiteElo "1667"]
[BlackElo "2033"]

1. e4 Nf6 2. e5 Nd5 3. c4 Nb6 4. d4 d6 5. f4 g6 6. Nc3 Bg7 7. Be3 a5 8. c5 dxc5
9. dxc5 Qxd1+ 10. Rxd1 N6d7 11. Nd5 Kd8 12. Bf2 e6 13. Bh4+ 1-0